00940nam a22002297a 4500999001500000003000900015008004100024040007100065082001500136100002200151245003600173260003500209300003000244440002900274505018400303650003300487650003300520650003800553942001600591945000800607952009500615 c4489d4489AR-CdUCM190308b ||||| |||| 00| 0 spa d aMUNICIPALIDAD PROVINCIAL DEL CUSCOcBIBLIOTECA MUNICIPAL DEL CUSCO a902 /bD61 aDeschamps, Hubert aHistoria de las Exploraciones / aespaña ;baikos-tau ,c1971. a125 páginas ;c17.5 cm. a¿qué sé?n27914095 aContenido : Los Periodos -- Reconocimiento de Eurasia -- Los nuevos mundos americanos -- El misterio Africano -- Descubrimiento del África interior -- Las tierras Oceánicas... aGrandes Exploraciones914096 aGeografia Descriptiva910375 aHistoria de la Exploracion914097 2ddccLIBROS artm 002ddc4070aSHbSHcCARTd2019-03-08g10.00o902 / D61pSH0000004810r2019-03-08yLIBROS